El ángel, el molino, el caracol del faro (Registro nro. 189316)

Detalles MARC
000 -LEADER
campo de control de longitud fija 00925nam a2200229 i 4500
001 - NÚMERO DE CONTROL
campo de control 189316
003 - IDENTIFICADOR DE NÚMERO DE CONTROL
campo de control SpMaBN
005 - FECHA Y HORA DE LA ÚLTIMA TRANSACCIÓN
campo de control 20260305153543.0
008 - DATOS DE LONGITUD FIJA--INFORMACIÓN GENERAL
campo de control de longitud fija 190522s1938 sp |||| | spa d
080 ## - NÚMERO DE LA CLASIFICACIÓN DECIMAL UNIVERSAL
Número de la Clasificación Decimal Universal 821.134.2-32"19"
100 1# - ENTRADA PRINCIPAL--NOMBRE DE PERSONA
Nombre de persona Miró, Gabriel.
9 (RLIN) 81602
245 13 - MENCIÓN DEL TÍTULO
Título El ángel, el molino, el caracol del faro
Resto del título : estampas rurales y de cuentos, estampas del agua, del río y del mar, estampas de un león y una leona, estampas del faro /
Mención de responsabilidad, etc. Gabriel Miró.
260 ## - PUBLICACIÓN, DISTRIBUCIÓN, ETC.
Lugar de publicación, distribución, etc. Madrid :
Nombre del editor, distribuidor, etc. Biblioteca Nueva,
Fecha de publicación, distribución, etc. [1938]
300 ## - DESCRIPCIÓN FÍSICA
Extensión 188 p. ;
Dimensiones 19 cm.
490 1# - MENCIÓN DE SERIE
Mención de serie Obras completas de Gabriel Miró ;
Designación de volumen o secuencia 8
530 ## - NOTA DISPONIBLE DE FORMULARIO FÍSICO ADICIONAL
Nota de formato físico adicional disponible Disponible en formato digital.
830 0# - PUNTO DE ACCESO ADICIONAL DE SERIE-TÍTULO UNIFORME
Título uniforme Obras completas de Gabriel Miró ;
Designación de volumen o secuencia 8
9 (RLIN) 193311
852 ## - LOCALIZACIÓN
Ubicación ES-MaACL
Número de control de estantería L-32326
Ubicación en estantería Depósito 2
Encuadernación Encuadernación holandesa
856 4# - LOCALIZACIÓN Y ACCESO ELECTRÓNICOS
Identificador Uniforme de Recursos <a href="http://bdh-rd.bne.es/viewer.vm?id=0000253725&page=1 ">http://bdh-rd.bne.es/viewer.vm?id=0000253725&page=1 </a>
Texto de enlace Biblioteca Digital Hispánica
942 ## - ELEMENTOS DE ENTRADA SECUNDARIOS (KOHA)
Fuente del sistema de clasificación o colocación Clasificación decimal universal
Existencias
Estatus retirado Estado de pérdida Estado de daño No para préstamo Colección Biblioteca de origen Biblioteca actual Ubicación en estantería Fecha de adquisición Fuente de adquisición Total de préstamos Signatura topográfica completa Código de barras Visto por última vez Precio de reemplazo Tipo de ítem Koha
        Colección digital Biblioteca del Ateneo de Madrid Biblioteca del Ateneo de Madrid Depósito 2 22/05/2019     L-32326 1200582 23/02/2023 23/02/2023 Libro impreso